000
00339 a2200157 4500
001
153341
040
_c
Escola São Tomás de Aquino
100
_a
MACHADO, Ana Maria
240
1
0
_a
Dona Baratinha
_l
por
245
1
0
_a
Dona Baratinha
300
_a
31
362
0
_a
2004
440
1
_a
FTD
697
_a
*LITERATURA INFANTO
942
_c
BK
999
_c
153341
_d
153341